000 00706nam a2200217 i 4500
001 108499
003 ES-MaACL
005 20230906184643.0
007 t|
008 061121s1973 sp b |||| | spa d
100 1 _aMontes Huidobro, Matías.
_982575
245 1 0 _aBibliografía crítica de la poesía cubana
_b: (exilio: 1959-1971) /
_cMatías Montes Huidobro, Yara González.
260 _aMadrid :
_bPlayor,
_c1973.
300 _a136 p. ;
_c21 cm.
490 1 _aPlaza mayor scholar ;
_v15
650 4 _aPoesía cubana-
_yS.XX-
_vBibliografías.
_9163234
700 1 _aGonzález, Yara.
_958391
830 1 _aPlaza mayor scholar ;
_v15
_9181264
852 _aES-MaACL
_jC-52396
999 _c108499
_d108499